| 000 | 00546nam a2200217 a 4500 | ||
|---|---|---|---|
| 001 | 10886 | ||
| 003 | CO-ViMGA | ||
| 008 | 141112s2004 ck r 000 u spa d | ||
| 020 | _a9800107533 | ||
| 040 |
_aCO-ViMGA _bspa _cCO-ViMGA |
||
| 082 | 0 | 4 | _aV861.6 B78j |
| 100 | 1 |
_aBruzual, Alejandro _914902 |
|
| 245 | 1 | 0 | _aEl jardÃn de las mujeres |
| 250 | _a1 | ||
| 260 |
_aCaracas, _cMonte Avila Editores |
||
| 300 | _a127 p. | ||
| 490 | _aLas formas del fuego | ||
| 500 | _aFecha : 1993 | ||
| 650 | 1 | 4 |
_aPOESIA VENEZOLANA _950942 |
| 942 |
_2ddc _cBK |
||
| 999 |
_c22106 _d22106 |
||